Quizzes
Events
Quiz Creation
Community
Videos
Private Events
Remove Ads
Sign In
Join for FREE
Feedback
Dark Mode
Quiz Categories
Sports
Geography
Music
Movies
Television
Just For Fun
Miscellaneous
History
Literature
Language
Science
Gaming
Entertainment
Religion
Holiday
For Kids
Quiz Lab
Recent
Popular Today
Quiz Kudos Today
Editor Picks
Curator Picks
Quizzes by...
Day
Popularity
Type
Ratings
Length
Year
Community
Subscriptions
Recent Discussions
Orange Saloon
Badges
Playlists
Quests
Create
Leaderboards
Showdown
Live 5
Trivia Bingo
Activity
Puzzle Library
Sporcle Events
Private Events
Virtual Trivia
Globe League
Become a Host
Pub Owners
SporcleCon
Opinionation
Our Games
Videos
Blog
Mobile Apps
Partnerships
Remove Ads and Go Orange
Feedback
Science
Computer
Plants
Astronomy
Chemistry
Elements
Math
Animal
Physics
Anatomy
Biology
Geology
General Science
Science
Computer
Plants
Astronomy
Chemistry
Elements
Math
Animal
Physics
Anatomy
Biology
Geology
General Science
Random Quiz
Search Sporcle
×
Quiz Lab
Quiz Lab
Science
Nervous
Type in answers that appear in a list
Type in answers that appear in a list
Classic
Best Score? Go Orange.
Dan and Richie Nervous System Quiz Stats
Can you name the Nervous System?
By
PHOENIX118
15m
12 Questions
51 Plays
51 Plays
51 Plays
Comments
Comments
Give Quiz Kudos
Give Quiz Kudos
-
- Ratings
hide this ad
Random Order
Randomize order of answers
Randomize order of answers
Replay
Link that replays current quiz
Next Quiz
Link to next quiz in quiz playlist
You Got
0%
They Got
Avg Score
41%
Avg Friend Score
Upgrade to see
Score Distribution
Jump to the score distribution portion of the page
Score
0/12
Timer
15:00
0
Plays Today
Question
answer
% Correct
-
cord
spinal
68.6%
nervous-
system
68.6%
if you put your hand in hot water, this happens. Brain not needed
reflex
52.9%
receives messages from neurons
brain
47.1%
create impulse to brain when touched
nerves
45.1%
carry messages back and forth to the brain
neurons
37.3%
voluntary actions
somatic
35.3%
triggered by anything that touches you
impulse
33.3%
is more heat sensitive than your heel
tongue
29.4%
nervous system that works on its own
autonomic
27.5%
is sent to spinal cord if you touch something hot
pain message
27.5%
helps the impulse get from neuron one to another
neurotransmitter
23.5%
Quiz Playlist
Details
Report
Send in Message
Add To Playlist
Classic:
Type in answers that appear in a list
Random Order:
Randomize order of answers
Last Updated: Feb 16, 2017
Quiz Scoreboard
CHALLENGE
Sign Up to Join the Scoreboard
Show All
Scores
Hide
Comments
May contain spoilers
Recently Published
One Thing in Common: World Cities II
by knightlancer
Geography
7m
Popular People in 1961
by mucciniale
History
6m
1-10 Letter E Words III
by El_Dandy
Language
2m
More to Explore
Quiz From the Vault
Featured Blog Post
Where Did the Easter Bunny Come From?
hide this ad
You Might Also Like...
Tags
dan
Nervous
Nervous System
richie
System
Today's Top Quizzes in Science
Browse Science
hide this ad
Top Contributed Quizzes in Science
1
One Thing in Common: Science
2
One Thing in Common: Science III
3
Quick Pick: Radians
4
Sporcle Puzzle Hunt: Science
5
Quick Pick: 'CI-CJ' Animals
6
One Thing in Common: Science II
7
Square Numbers Scrambled (1-50)
8
Elements In Images
9
Click the Parts of an Plant Cell
10
Glycolysis
Explore More
Trending Topics
Marvel
Anime
Harry Potter
Disney
NBA
Kpop
Crossword
NFL
Puzzle
Song
Pokémon
WWE
The Office
Soccer
Country
hide this ad
More By:
PHOENIX118
Quiz
Plays
Rating
Category
Featured
Created
Percy Jackson Characters
385
Miscellaneous
Jun 11, 2010
12 Greek Gods
144
3.00
History
Jun 7, 2010
Famous Movies of 2009
61
2.00
Movies
Jun 11, 2010
Dan and Richie Nervous System Quiz
51
Science
Mar 10, 2011
Go to Creator's Profile
Score Distribution
Quiz Creator Spotlight
PHOENIX118
Follow
Send a Message
Quizzes Created
-
Created Quiz Play Count
-
More By This Creator
Popular Quizzes Today
1
Find the US States - No Outlines Minefield
2
Find the Countries of Europe - No Outlines Minefield
3
The Countries of the World
4
Popular People in 1961
5
1-10 Letter E Words III
6
Find the US States
7
One Thing in Common: World Cities II
8
US States
More Science Quizzes
Find Five: Animals
Published
Trending Quizzes
Risky Map Clicking: Least Populous States A-Z
1-10 Letter F Words
1-10 Letter G Words
One Thing in Common: United Kingdom
Risky Map Clicking: Biggest States A-Z
Recently Updated
Leaping Animals
pecheneg
Reality TV Shows (A-Z)
bhenderson79
Rickey Henderson's Hall of Fame Teammates
pecheneg
Champions League XIs: Arsenal
pecheneg
Quick Pick: Celebrities in WWE's Hall of Fame
aduchscher
A-Z Keypad Blitz II
pecheneg
Multiple Oscar Actors
pecheneg
Mystery Phrase Blitz: Oscar 'Best Actors'
pecheneg
F. Scott Fitzgerald Novels
LTH
Pick 3 Villains
ddd62291
Trending Topics
Disney
Crossword
Anime
Marvel
Kpop
NBA
Harry Potter
Country
Pokémon
Soccer
WWE
Puzzle
Song
NFL
The Office
Your Account Isn't Verified!
In order to create a playlist on Sporcle, you need to verify the email address you used during registration. Go to your
Sporcle Settings
to finish the process.
Report this User
Report this user for behavior that violates our
Community Guidelines
.
Details:
Send Report
Go to the Sporcle.com Mobile Site →
Comments